| 000 | 00570nam a22002057a 4500 | ||
|---|---|---|---|
| 001 | BD-DhSAU 4917 | ||
| 003 | BD-DhSAU | ||
| 005 | 20150302160337.0 | ||
| 008 | 150302b1985 ii f||| |||| 001 0 eng d | ||
| 020 | _a8120400631 | ||
| 040 | _aBD-DhSAU | ||
| 082 |
_222 _a535.40954 _bKAV |
||
| 100 | _aKatyal, S.L. | ||
| 245 |
_aVegetable growing in india / _cS.L Katyal ; revisec by K.L. Chadha.. |
||
| 300 |
_aix, 157 p. : _c22 cm. |
||
| 504 | _aIncludes bibliographical references and index. | ||
| 590 | _aShahriar | ||
| 650 |
_aVegetable _yIndia. |
||
| 700 | _aChadha,K.L. | ||
| 942 |
_2ddc _cBOOK |
||
| 999 |
_c4917 _d4917 |
||